Educacion y poder /
Guardado en:
| Autor Principal: | |
|---|---|
| Formato: | Libro |
| Publicado: |
Barcelona :
Paidós,
1987
|
| Series: | Temas de Educación.-
|
| Materias: | |
| Etiquetas: |
Agregar Etiqueta
Sin Etiquetas, Sea el primero en etiquetar este registro!
|
| LEADER | 00627nam a22002055a 4500 | ||
|---|---|---|---|
| 001 | EHU.bham021925 | ||
| 003 | AR-BHAM | ||
| 005 | 20101105124731.0 | ||
| 008 | 130507s1987##################000#0#####d | ||
| 082 | 3 | 7 | |a 370.19 |
| 100 | 1 | |a Apple, Michael W. | |
| 245 | 1 | 0 | |a Educacion y poder / |c Michael W. Apple |
| 260 | |a Barcelona : |b Paidós, |c 1987 | ||
| 300 | |a 209 p. | ||
| 490 | 0 | |a Temas de Educación.- | |
| 653 | |a Educacion | ||
| 653 | |a Sociologia de la educacion | ||
| 653 | |a Curriculum | ||
| 859 | |a AR-BHAM |b BIB. HUMANIDADES - General |h 370.19 |i AP52 |p 127.98 |t Ej.1 | ||
| 859 | |a AR-BHAM |b BIB. HUMANIDADES - General |h 370.19 |i AP52 |p 290.98 |t Ej.1 | ||
